Welcome to the Holygrace Academy Library

Please use search bar below to get started

EDUCATION BEYOND CLASSROOMS (Record no. 5449)

MARC details
000 -LEADER
fixed length control field 00267nam a22001217a 4500
082 ## - DEWEY DECIMAL CLASSIFICATION NUMBER
Classification number 370.15
Item number SIM/E
100 ## - MAIN ENTRY--AUTHOR NAME
Personal name SIMON, K A
245 ## - TITLE STATEMENT
Title EDUCATION BEYOND CLASSROOMS
260 ## - PUBLICATION, DISTRIBUTION, ETC. (IMPRINT)
Place of publication COCHIN
Name of publisher K A SIMON
Year of publication 2004
300 ## - PHYSICAL DESCRIPTION
Number of Pages 40
650 ## - SUBJECT ADDED ENTRY--TOPICAL TERM
Topical Term EDUCATIONAL
Geographic subdivision INDIA
942 ## - ADDED ENTRY ELEMENTS (KOHA)
Koha item type Books
Holdings
Withdrawn status Lost status Collection code Home library Current library Shelving location Date acquired Source of acquisition Full call number Accession Number Koha item type
    Reference Main Library Main Library   21/05/2010 purchase 370.15 SIM/E 09762 Books